000
00295nam a2200121Ia 4500
005
20251222143108.0
008
251222s9999||||xx |||||||||||||| ||spa||
082
_a
780/W21
100
_a
Woodworth, G. Wallace
245
0
_a
El Mundo de la Música
264
_b
Biografia Argentina
942
_c
LIB
999
_c
11074
_d
11074